00532nam a2200145Ia 4500008004100000082001900041100001700060245003700077260005100114630001800165650006000183942000900243952011700252999001700369211109s9999||||xx |||||||||||||| ||und|| a894.433bAGR-H aAgrawal, G D 0aHirakude-Vanch Yochana Ki Kahani bIndia Govt of Ministry InformaNew Delhic1957 xGeneral Stack ahindi literaturevhindi fictionhindi storiesxGeneralia cBOOK 00104070aSBCLbSBCLc2d2021-11-09g100.00l0o894.433 AGR-Hp00019374r2021-11-09 00:00:00w2021-11-09yBOOK c18693d18693